000 00629nam a2200181Ia 4500
005 20250423100700.0
008 250422s9999 xx 000 0 und d
020 _a9780323401685
050 _aRA 777.6 .P76/
100 _aEdited by Telmo Pereira
245 0 _aPromoting healthy and active aging
260 _aNew York
260 _bRoutledge
260 _c2023
300 _a329 p
650 _aAging—Health aspects. Health promotion. Physical fitness for older people. Older people—Health and hygiene. Public health—Services for older people. Aging—Prevention. Multidisciplinary approach to aging
942 _cBK
999 _c34046
_d34046